000 00514nam a2200181 a 4500
001 1769488318003
003 YourLibrary
005 20260128114520.0
008 260127s2006##################000#0#eng##
020 _a9783631555859
082 0 4 _a304.23
_bBAR
100 1 _aBartels, Anke,
_eauthor.
245 1 0 _aRe/defining the Matrix :
260 _bPeter Lang Gmbh, Internationaler Verlag Der Wissenschaften,
_c2006.
650 0 _aSocial sciences.
942 _cENGLISH
040 _aYourLibrary
_beng
_cYourLibrary
999 _c609281
_d609281